Countries by first letter of Country and Capital - Statistics

General Stats
  • This quiz has been taken 132 times
  • The average score is 10 of 15
Answer Stats
Country or Capital % Correct
E Q Ecuador | Quito
89%
U M Uruguay | Montevideo
79%
P W Poland | Warsaw
76%
N K Nepal | Kathmandu
74%
E T Estonia | Tallinn
71%
A T Albania | Tirana
70%
I D Ireland | Dublin
64%
C O Canada | Ottawa
61%
G L Gabon | Libreville
61%
A L Angola | Luanda
59%
E D East Timor | Dili
59%
P M Philippines | Manila
57%
T F Tuvalu | Funafuti
57%
G T Georgia | Tbilisi
54%
M L Malawi | Lilongwe
46%
No matching quizzes found
Score Distribution
Percent of People with Each Score
Percentile by Number Answered
Your Score History
You have not taken this quiz